00873nas a2200253 4500001001300000003000900013005001700022007000300039008003400042040005400076041000900130072000800139100002100147100002700168100002100195100002100216100002500237245012700262650001900389650002200408650001500430773012100445856005300566BR2014003071BR-BrBNA20231205124029.0ta230509b bl.|||p| |||| 00| 00por d aBR-BrBNAbporcBiblioteca Nacional de Agricultura a(Pt) aP331 aCruz, D.L. de S.1 aVale Júnior, J.F. do1 aCruz, P.L. de S.1 aCruz, A.B. de S.1 aNascimento, P.P.R.R.1 aAtributos físicos-hídricos de um argissolo amarelo sob floresta e savana naturais convertidas para pastagem em Roraima aMANEJO DO SOLO aANÁLISE DO SOLO aPOROSIDADE0 tRevista Brasileira de Ciência do Solo (Brazil)xISSN 0100-0683 g(Jan-Feb 2014), v. 38(1) p. 307-314wBR201400307140uhttp://www.scielo.br/pdf/rbcs/v38n1/a31v38n1.pdf